Lectura a Domicilio. Catálogo Segundo de las obras que comprende esta sección. Precedido del Reglamento que rige el préstamo de los libros

Salvato in:
Dettagli Bibliografici
Ente Autore: Biblioteca Nacional (Autore)
Natura: Libro
Lingua:spagnolo
Pubblicazione: Santiago Imprenta Gutemberg, Calle del Estado, 38 1889
Edizione:1a. ed
Soggetti:
Tags: Aggiungi Tag
Nessun Tag, puoi essere il primo ad aggiungerne!!

MARC

LEADER 00000nam a2200000 a 4500
001 UCJ8642
003 CL-VaPUC
008 070124e18890000CL |||||||||||||||||spa|d
082 0 4 |a 010  |b BIB  |2 21 
110 2 |a Biblioteca Nacional  |e author  |9 517518 
245 1 0 |a Lectura a Domicilio. Catálogo Segundo de las obras que comprende esta sección. Precedido del Reglamento que rige el préstamo de los libros 
250 |a 1a. ed 
300 |a 236 p 
942 |c BK 
945 |d 20070124 00:00:00  |a rinostro 
260 |a Santiago  |b Imprenta Gutemberg, Calle del Estado, 38  |c 1889 
650 0 |a Bibliotecas públicas  |9 334515 
650 0 |a Catálogos  |9 256258 
650 7 |a BIBLIOGRAFIA  |2 CL-VaPUC  |9 256175 
583 |a last modification  |c 20070124 00:00:00  |k Rodrigo Vera 
999 |c 324312  |d 324310 
952 |0 0  |1 0  |4 0  |6 010_000000000000000_BIB_1889  |7 0  |8 X  |9 404398  |a FDOBUD  |b FDOBUD  |d 2019-11-22  |i 1081667  |o 010 BIB 1889  |p 1081667  |r 2019-11-22  |w 2019-11-22  |y BK_X  |k BUD